000 00731nam a22002297a 4500
005 20250428113344.0
008 250428b |||||||| |||| 00| 0 eng d
020 _a978-93-83221-58-5 (hbk)
037 _cTB
040 _aCRL
_cCRL
041 _2eng
_aeng
084 _aQ6:(NA).23145 R4
_qCRL
100 _aAgrawal, R. C.
_9753096
245 _aConservation of churches in Goa
260 _aDelhi, India:
_bSharada Publishing House,
_c2024.
300 _axix, 132p.
365 _b3700.00
_cINR
650 _aReligion
650 _aArchitecture
942 _2CC
_cTB
_hQ6:(NA).23145 R4
_n0
999 _c1309429
_d1309429